LIBRARY & INFORMATION CENTRE, KCAET, TAVANUR

ONLINE PUBLIC ACCESS CATALOGUE (OPAC)

Groundwater Assessment and Water Resource Develpoment of Chittur Block of Palakkad District (Record no. 19526)

MARC details
000 -LEADER
fixed length control field 00345nam a22001337a 4500
003 - CONTROL NUMBER IDENTIFIER
control field OSt
082 ## - DEWEY DECIMAL CLASSIFICATION NUMBER
Classification number 631.587
100 ## - MAIN ENTRY--AUTHOR NAME
Personal name Venkata Sai, V
245 ## - TITLE STATEMENT
Title Groundwater Assessment and Water Resource Develpoment of Chittur Block of Palakkad District
260 ## - PUBLICATION, DISTRIBUTION, ETC. (IMPRINT)
Place of publication Tavanur
Name of publisher KCAET
Year of publication 2025
300 ## - PHYSICAL DESCRIPTION
Number of Pages 218
942 ## - ADDED ENTRY ELEMENTS (KOHA)
Koha item type Theses
Holdings
Collection code Home library Current library Full call number Accession Number Koha item type
Reference KAUAET KAUAET 631.587 VEN/GR T-668 Theses
free website counter